[Event "Southern Alberta op"]
[Site "Calgary"]
[Date "2002.11.17"]
[Round "5"]
[White "Robertson, Archie"]
[Black "Snelling, Justin"]
[Result "1-0"]
[WhiteElo "1866"]
[BlackElo "1369"]
[PlyCount "56"]
[EventDate "2002.11.16"]
[EventType "swiss"]
[EventRounds "5"]
[EventCountry "CAN"]
[SourceTitle "EXT 2017"]
[Source "ChessBase"]
[SourceDate "2016.10.25"]
[SourceVersion "1"]
[SourceVersionDate "2016.10.25"]
[SourceQuality "1"]

1. d4 Nf6 2. c4 g6 3. Nf3 d6 4. g3 Bg7 5. Bg2 c6 6. 0-0 0-0 7. Nc3 Qc7 8. Bf4 Nh5 9. Qd2 Nxf4 10. Qxf4 e5 11. dxe5 dxe5 12. Qe3 Be6 13. b3 Nd7 14. Rad1 h6 15. Ne4 Nb6 16. Nc5 Bf5 17. Nh4 Rae8 18. Nxf5 gxf5 19. Rd3 e4 20. Rd2 Rd8 21. Rfd1 Kh7 22. Bh3 Kg8 23. Nxe4 Rxd2 24. Nxd2 Rd8 25. Qf3 Qe5 26. e3 h5 27. Bf1 Qb2 28. Qe2 Qxa2 1-0